00920nab a2200229 i 4500001000700000003000900007005001700016008004100033040001300074100005800087245010100145300002000246594007800266599003300344650005800377655002500435710006000460773010700520942001700627999001900644955002700663180820ES-MaACL20250904063108.0120717s1913 sp 000 s spa d aES-MaACL1 aUgarte y Albizu, Eduardo,d1872-ca. 1933eaut922695310aConcepto y justicia del impuesto único sobre el valor del suelo /cpor Eduardo Ugarte y Albizu aPáginas 30-42 aPrecede al título: Conferencias en el Círculo de la Unión Mercantil aRetrato del autor en portada 4aPropiedad inmobiliaria-xImpuestos-zEspaña9226954 4aConferencias92344442 aCírculo de la Unión Mercantil (Madrid)eisb91343240 tLa Palabra : revista taquigráfica, xISSN 2479-7723,gN. 16 (15 ag.1913), p. 30-420287992987w2879 2udccANABn0 c180820d180820 bPilar Fernández Vera